书目信息 |
| 题名: |
生态文明建设中的沿海滩涂使用与补偿制度研究
|
|
| 作者: | 王刚 著 | |
| 分册: | ||
| 出版信息: | 北京 中国社会科学出版社 2017.10 |
|
| 页数: | 268页 | |
| 开本: | 24cm | |
| 丛书名: | ||
| 单 册: | ||
| 中图分类: | P748 | |
| 科图分类: | ||
| 主题词: | 海涂资源--生态环境保护--研究--中国 | |
| 电子资源: | ||
| ISBN: | 978-7-5203-0475-7 | |
| 000 | 01522nam0 2200241 450 | |
| 001 | 5129 | |
| 005 | 20181014105508.94 | |
| 010 | @a978-7-5203-0475-7@dCNY75.00 | |
| 100 | @a20180513d2017 em y0chiy50 ea | |
| 101 | 0 | @achi |
| 102 | @aCN@b110000 | |
| 105 | @ay z 000yy | |
| 200 | 1 | @a生态文明建设中的沿海滩涂使用与补偿制度研究@9sheng tai wen ming jian she zhong de yan hai tan tu shi yong yu bu chang zhi du yan jiu@dOn the development and compensation institutions of tidal flat in the construction of ecological civilization@f王刚著@zeng |
| 210 | @a北京@c中国社会科学出版社@d2017.10 | |
| 215 | @a268页@d24cm | |
| 300 | @a中国海洋大学一流大学建设专项经费资助 教育部人文社科重点研究基地中国海洋大学海洋发展研究院资助 教育部人文社会科学研究规划基金资助等 | |
| 300 | @a本书内容共分为九章,可以分为三个部分:第一章、第二章与第三章是第一部分,主要从理论基础、滩涂概念、现实状况等角度,明确本书的研究主题“沿海滩涂”,从而为下一步的研究奠定基础。第四章、第五章、第六章、第七章与第八章为第二部分,分别从管理体制、性质定位、调整手段、“零净损失”与功能区划、补偿制度等各个方面,展开与沿海滩涂使用与补偿制度的研究。第二部分为本书的核心内容。第九章为第三部分,主要从政府责任的角度,去探讨实现第二部分所研究的使用与补偿制度。 | |
| 510 | 1 | @aOn the development and compensation institutions of tidal flat in the construction of ecological civilization@zeng |
| 606 | 0 | @a海涂资源@x生态环境保护@x研究@y中国 |
| 690 | @aP748@v5 | |
| 701 | 0 | @a王刚@9wang gang@4著 |
| 801 | 0 | @aCN@b91MARC@c20180513 |
| 905 | @aMuseLib@dP748@e103 | |
| 生态文明建设中的沿海滩涂使用与补偿制度研究=On the development and compensation institutions of tidal flat in the construction of ecological civilization/王刚著.-北京:中国社会科学出版社,2017.10 |
| 268页;24cm |
| 中国海洋大学一流大学建设专项经费资助 教育部人文社科重点研究基地中国海洋大学海洋发展研究院资助 教育部人文社会科学研究规划基金资助等.-本书内容共分为九章,可以分为三个部分:第一章、第二章与第三章是第一部分,主要从理论基础、滩涂概念、现实状况等角度,明确本书的研究主题“沿海滩涂”,从而为下一步的研究奠定基础。第四章、第五章、第六章、第七章与第八章为第二部分,分别从管理体制、性质定位、调整手段、“零净损失”与功能区划、补偿制度等各个方面,展开与沿海滩涂使用与补偿制度的研究。第二部分为本书的核心内容。第九章为第三部分,主要从政府责任的角度,去探讨实现第二部分所研究的使用与补偿制度。 |
| ISBN 978-7-5203-0475-7:CNY75.00 |
| ● |
| 相关链接 |
|
|
|
|
正题名:生态文明建设中的沿海滩涂使用与补偿制度研究
索取号:P748/103
 
预约/预借
| 序号 | 登录号 | 条形码 | 馆藏地/架位号 | 状态 | 备注 |
| 1 | 1128265 | 211282654 | 第二样本阅览室/ [索取号:P748/103] | 在馆 | |
| 2 | 1128266 | 211282663 | 密集书库-资源管理系/ [索取号:P748/103] | 在馆 | |
| 3 | 1128267 | 211282672 | 第三借阅区/ [索取号:P748/103] | 在馆 | |
| 4 | 1128268 | 211282681 | 第三借阅区/ [索取号:P748/103] | 在馆 |